Sir Roger Scruton laudációja a Bátorságért és Becsületért Emlékéremmel való kitüntetése alkalmából
Elmentve itt :
| Szerző: | |
|---|---|
| További közreműködők: | |
| Adatforrás: | Philobibl |
| Forrásdokumentuma: | Pro Minoritate 2016:3. p. 3-6. |
| Dokumentumtípus: | Cikk |
| Nyelv: | magyar |
| Kulcsszavak: | Scruton, R. identitás személy vallás, keresztény szentség |
| LEADER | 00560nab a2200169 c 4500 | ||
|---|---|---|---|
| 001 | bibPHI0045125 | ||
| 005 | 20200924125422.2 | ||
| 008 | 130712s2016 hu hun | ||
| 100 | 1 | |a Price, Jonathan | |
| 245 | 1 | 0 | |a Sir Roger Scruton laudációja |b a Bátorságért és Becsületért Emlékéremmel való kitüntetése alkalmából |c Jonathan Price ; [ford. Gonda László] |
| 695 | |a Scruton, R. | ||
| 695 | |a identitás | ||
| 695 | |a személy | ||
| 695 | |a vallás, keresztény | ||
| 695 | |a szentség | ||
| 700 | 1 | |a Gonda László | |
| 773 | 0 | |t Pro Minoritate |g 2016:3. p. 3-6. | |